000 00476nam a2200181Ia 4500
003 GCL
008 140319s9999 xx 000 0 eng d
040 _aGCL /
_cGCL
082 0 4 _a843
_bO D
100 1 _aODIER, ANTOINE
245 1 0 _aDICTIONNAIRE DES TELECOMMUNICATIONS /
_cODIER, ANTOINE
700 1 _aZENNAKI, MOHAMED
260 _a[S.N] :
_bMARABOUT UNIVERSITE ،
_c1992
300 _a354 P
490 _aMARABOUT
_v0
650 0 4 _aTELECOMMUNICATION
942 _2ddc
_cBK
999 _c22486
_d22486